000 00862nam a2200337Ia 4500
001 UByD001408
003 AR-LpoUNG
005 20230429111716.0
008 230429s1975||||ag |||||||||||||| ||spa||
040 _aAR-LpoUNG
_bspa
_cAR-LpoUNG
_eaacr
041 0 _aspa
082 0 _a982.062 385eva
245 1 0 _aEva Perón habla a las mujeres
260 _aBuenos Aires :
_bReconstrucción,
_c1975.
300 _a169 p.
650 4 _aMUJERES
650 4 _aHISTORIA SOCIAL
650 4 _aHISTORIA POLITICA
650 4 _aARGENTINA
650 4 _aASPECTOS POLITICOS
650 4 _aBIOGRAFIAS
650 4 _aDERECHOS DE LA MUJER
650 4 _aENSAYO
650 4 _aJUSTICIA SOCIAL
650 4 _aMUERTE
650 4 _aROL DE LA MUJER
653 4 _aPERONISMO
700 1 _aMartínez de Perón, María Estela
905 _aCJPM779
942 _cLIB
_2ddc
999 _c62568
_d62568